000 00767nam a22002417a 4500
001 96425
003 UA-OsUOA
005 20260129122533.0
007 ta
008 20130319b un ||||| |||| 00| 0 ukr d
040 _aUA-OsUOA
_bukr
_cUA-OsUOA
_dUA-OsUOA
041 _aukr
080 _a821.353.1
090 _a821.353.1
_bМ12
100 _aМаградзе Е. С.
_923078
245 _aДавид Гурамішвілі
_bбіографічна повість
_cЕ. С. Маградзе
260 _aК.
_bМолодь
_c1980
300 _a168 с.
_bіл.
490 _aУславлені імена
650 7 _a821 Художня література окремими мовами і мовними сім'ями
_2UDC
_917
942 _cBK
_2udc
955 _a3
999 _c382680
_d382680